zpět

Detail výsledku týmu

Cabaret café bar, Olomouc

Datum a čas kvízu

22 Celkem bodů Celkový počet nahraných bodů na tomto kvízu bez doplňovacích otázek.
7. Pořadí na kvízu Konečné umístění týmu na tomto kvízu.

Zaznamenané odpovědi

# Otázka Odpověď Body Výsledky
1. První číslo československé ver... 1
2. Ukrajinská prokuratura žádá 15... 0
3. Na americkou rockovou skupinu... 0
4. České vedení britského řetězce... 0
5. Česká tenistka po sérii neúspě... 0
6. Jak se jmenuje tento robot, hr... 1
7. Napište podtitul druhého dílu... 0
8. Humanoidní robot, který má pod... 0
9. Mezi roboty můžeme svým způsob... 1
10. Nesmíme opomenout Karla Čapka... 0